Subsidence and domestic housing survey : analysis of results. (Record no. 100507)

MARC details
000 -LEADER
fixed length control field 00804cam a2200253 4500
001 - CONTROL NUMBER
control field J105943
008 - FIXED-LENGTH DATA ELEMENTS--GENERAL INFORMATION
fixed length control field 000000n1995 000 0 eng u
035 ## - SYSTEM CONTROL NUMBER
System control number (Sirsi) u105943
041 ## - LANGUAGE CODE
Language code of text/sound track or separate title ENG
050 ## - LIBRARY OF CONGRESS CALL NUMBER
Classification number 624.15
110 ## - MAIN ENTRY--CORPORATE NAME
Corporate name or jurisdiction name as entry element Loss Prevention Council
9 (RLIN) 1863
245 ## - TITLE STATEMENT
Title Subsidence and domestic housing survey : analysis of results.
260 ## - PUBLICATION, DISTRIBUTION, ETC.
Place of publication, distribution, etc. Loss Prevention Council
Date of publication, distribution, etc. 1995
300 ## - PHYSICAL DESCRIPTION
Extent 24p. ; 30cm.
350 ## - PRICE (NR) (BK AM CF MU VM SE) [OBSOLETE]
Price 15.00
490 ## - SERIES STATEMENT
Series statement LPR
Volume/sequential designation 4
520 ## - SUMMARY, ETC.
Summary, etc. Contains the analysis of 1137 subsidence claims in respect of domestic premises.
650 ## - SUBJECT ADDED ENTRY--TOPICAL TERM
Topical term or geographic name entry element SUBSIDENCE
650 ## - SUBJECT ADDED ENTRY--TOPICAL TERM
Topical term or geographic name entry element DOMESTIC PROPERTY
650 ## - SUBJECT ADDED ENTRY--TOPICAL TERM
Topical term or geographic name entry element CRACKING
650 ## - SUBJECT ADDED ENTRY--TOPICAL TERM
Topical term or geographic name entry element BUILT ENVIRONMENT-BUILDING ELEMENTS-COMPLETE BUILDING ELEMENTS-FOUNDATIONS
690 ## - LOCAL SUBJECT ADDED ENTRY--TOPICAL TERM (OCLC, RLIN)
Topical term or geographic name as entry element BUILDING AND CONSTRUCTION-DEFECTS AND FAILURES
942 ## - ADDED ENTRY ELEMENTS (KOHA)
Suppress in OPAC 0
Holdings
Withdrawn status Lost status Source of classification or shelving scheme Damaged status Not for loan Home library Current library Shelving location Date acquired Cost, normal purchase price Total Checkouts Full call number Barcode Date last seen Date last checked out Copy number Cost, replacement price Price effective from Koha item type
    Dewey Decimal Classification     London London Basement 02/06/2000 15.00 3 BASEMENT 30061573 06/08/2019 02/02/2004 1 15.00 06/08/2019 Book